| 000 | 00542nam a22001817a 4500 | ||
|---|---|---|---|
| 005 | 20180423121238.0 | ||
| 010 | _aENG-122568 | ||
| 020 |
_a9788193376164 _c125.00 |
||
| 035 | _aEN-106100 | ||
| 037 | _bDBAD/PUB | ||
| 082 | _aS | ||
| 100 | _aPaul Punu | ||
| 245 |
_aPoumai naga folktales / _cby Paul Punu |
||
| 260 |
_aGuwahati _bNorth Eastern Social Research Centre _c2017 |
||
| 270 |
_aJagriti, (2d Floor), Arunodoi Path, GMCH Road, Christian Basti, _bGuwahati _e781005 |
||
| 300 |
_a160p. _c20cm.(pbk) _bill. |
||
| 942 |
_2ddc _cEN _mPAU _hS |
||
| 999 |
_c151159 _d151159 |
||